Statistics for 2017 College Football AP Top 25 Final

Click here to take the quiz!

General Stats

  • This quiz has been taken 87 times
  • The average score is 17 of 25

Answer Stats

HintAnswer% Correct
SECAlabama
100%
SECGeorgia
95%
Big 12Oklahoma
94%
ACCClemson
92%
Big TenOhio State
91%
Ind.Notre Dame
86%
Pac-12Washington
84%
Big TenWisconsin
84%
SECAuburn
83%
Big TenPenn State
83%
SECLSU
81%
Big TenMichigan State
81%
Pac-12USC
81%
Big 12TCU
72%
AACCentral Florida
70%
Big 12Oklahoma State
69%
Pac-12Stanford
61%
ACCVirginia Tech
55%
ACCMiami
53%
MWCBoise State
47%
SECMississippi State
42%
Big TenNorthwestern
39%
ACCNC State
36%
AACMemphis
30%
AACSouth Florida
20%

Score Distribution

Percentile by Number Answered

Percent of People with Each Score

Your Score History

You have not taken this quiz